000 00960nam a2200301Ia 4500
001 20786
003 DO-CoUTE
005 20260204212617.0
008 220104s9999 dr 000 0 spa d
020 _a978-9968-48-010-9
040 _aDO-CoUTE
_bspa
_cDO-CoUTE
041 0 _aspa
082 _a635.6 B239c
100 1 _aBarboza Vargas, Natalia
245 1 0 _aCaracterización, epidemiología y manejo del complejo moscas blancas-virus en sistemas hortícolas de Costa Rica / Natalia Barboza Vargas y otros nueve
260 _aCosta Rica : EUNED
300 _a71 páginas
650 4 _aMosca Blanca
650 4 _aTomates-enfermedades y plagas
700 1 _aCastro Vásquez, ruth
700 1 _aGuevara Coto, José Andres
700 1 _aHernández Jimenez, Eduardo
700 1 _aHilje Quiros, Luko
700 1 _aMartin Thule, Francisco
942 _2ddc
_cBK
999 _c21213
_d21213